Czy rozpoznasz kraj po kształcie? cz.2 - Statystyki

Ogólne statystyki
  • Ten quiz został rozwiązany 23 razy
  • Średni wynik to 7 z 9
Statystyki odpowiedzi
Obrazkowy Odpowiedź % Poprawnych
Włochy
100%
Islandia
91%
Indonezja
86%
Indie
82%
Iran
77%
Irlandia
73%
Izrael
68%
Irak
45%
Wybrzeże kości słoniowej
27%
Nie znaleziono quizów pasujących do podanych kryteriów
Rozkład punktacji
Procent ludzi z każdym wynikiem
Percentyl według liczby udzielonych odpowiedzi
Twoja historia wyników
Nie rozwiązałeś tego quizu